| 000 | 00462nam a22001697a 4500 | ||
|---|---|---|---|
| 003 | NUST - PNEC | ||
| 005 | 20170116180808.0 | ||
| 008 | 150423b xxu||||| |||| 00| 0 eng d | ||
| 040 | _cLIBRARY | ||
| 082 | _a297.26 RAZ | ||
| 100 |
_93151 _aRazi, Mohammad Wali |
||
| 245 |
_aHadi-e-Alam S.A.W. _cMohammad Wali Razi |
||
| 260 |
_aKarachi: _bDarul Elm, _cc1987. |
||
| 300 |
_a416 p. : _c22 cm. |
||
| 650 |
_93152 _aIslam, Prophet (PBUH) _xGeneral |
||
| 942 |
_2ddc _cBK |
||
| 999 |
_c63272 _d63272 |
||